| 000 | 00874nam a2200289 i 4500 | ||
|---|---|---|---|
| 001 | 47813 | ||
| 003 | ES-MaACL | ||
| 005 | 20250807231534.0 | ||
| 007 | t| | ||
| 008 | 030528s2001 sp ||||0| spa j | ||
| 020 | _a84-03-09267-9 | ||
| 040 |
_aM-BN _bspa _cM-BN |
||
| 080 | _a94(497.1)"1991/95" | ||
| 080 | _a327.5(569.4) | ||
| 080 | _a94(470.661)"1994/..." | ||
| 080 | _a32(65)"1962/..." | ||
| 100 | 1 |
_aGoytisolo, Juan. _959422 |
|
| 245 | 1 | 0 |
_aPaisajes de guerra / _cJuan Goytisolo. |
| 260 |
_a[Madrid] : _bAguilar, _c[2001] |
||
| 300 |
_a356 p ; _c24 cm. |
||
| 650 | 7 |
_aGuerra de Yugoslavia, 1991-1995 _2embne _913195 |
|
| 650 | 1 | 4 |
_aConflicto árabe-israelí. _911266 |
| 651 | 4 |
_aChechenia- _xHistoria- _yGuerra civil, 1994- _98034 |
|
| 651 | 4 |
_aArgelia- _xPolítica y gobierno. _9168702 |
|
| 852 |
_aES-MaACL _jL-26402 _bR.132163 |
||
| 999 |
_c47813 _d47813 |
||